Eredivisie Player 30 or More Goal and Assist - Statistics

General Stats
  • This quiz has been taken 60 times
  • The average score is 26 of 41
Answer Stats
Season Player Country Club Goal / Assist % Correct
Luuk de Jong Netherlands Twente Enschede FC 25G9A
91%
14/15 Luuk de Jong Netherlands PSV Eindhoven 20G12A
91%
15/16 Luuk de Jong Netherlands PSV Eindhoven 26G10A
91%
Luuk de Jong Netherlands PSV Eindhoven 28G8A
91%
23/24 Luuk de Jong Netherlands PSV Eindhoven 29G15A
91%
Dušan Tadić Serbia Twente Enschede FC 16G14A
89%
18/19 Dušan Tadić Serbia Ajax Amsterdam 28G13A
89%
Dušan Tadić Serbia Ajax Amsterdam 14G18A
89%
21/22 Dušan Tadić Serbia Ajax Amsterdam 13G19A
89%
Hakim Ziyech Morocco Ajax Amsterdam 16G16A
79%
Luis Suárez Uruguay Ajax Amsterdam 17G14A
79%
08/09 Luis Suárez Uruguay Ajax Amsterdam 22G15A
79%
09/10 Luis Suárez Uruguay Ajax Amsterdam 35G17A
79%
Vangelis Pavlidis Greece AZ Alkmaar 29G4A
74%
12/13 Wilfried Bony Cote d'Ivoire Vitesse Arnhem 31G8A
72%
Graziano Pellè Italy Feyenoord Rotterdam 27G9A
70%
Klaas-Jan Huntelaar Netherlands Heerenveen / Ajax 33G2A
70%
07/08 Klaas-Jan Huntelaar Netherlands Ajax Amsterdam 33G8A
70%
Dries Mertens Belgium PSV Eindhoven 21G15A
68%
Dries Mertens Belgium PSV Eindhoven 16G17A
68%
Bryan Ruiz Costa Rica Twente Enschede FC 24G9A
62%
16/17 Nicolai Jørgensen Denmark Feyenoord Rotterdam 21G13A
62%
Alfred Finnbogason Iceland Heerenveen 24G6A
57%
13/14 Alfred Finnbogason Iceland Heerenveen 29G10A
57%
Steven Berghuis Netherlands Feyenoord Rotterdam 18G14A
57%
20/21 Steven Berghuis Netherlands Feyenoord Rotterdam 18G14A
57%
Vincent Janssen Netherlands AZ Alkmaar 27G5A
55%
Dirk Kuyt Netherlands Feyenoord Rotterdam 20G11A
53%
04/05 Dirk Kuyt Netherlands Feyenoord Rotterdam 29G13A
53%
05/06 Dirk Kuyt Netherlands Feyenoord Rotterdam 22G19A
53%
17/18 Alireza Jahanbakhsh Iran AZ Alkmaar 21G12A
47%
99/00 Ruud van Nistelrooy Netherlands PSV Eindhoven 29G8A
47%
06/07 Afonso Alves Brazil Heerenveen 34G3A
43%
02/03 Mateja Kežman Serbia PSV Eindhoven 35G4A
40%
03/04 Mateja Kežman Serbia PSV Eindhoven 31G5A
40%
Pierre van Hooijdonk Netherlands Feyenoord Rotterdam 28G3A
40%
11/12 Bas Dost Netherlands SC Heerenveen 32G8A
38%
Mounir El Hamdaoui Morocco AZ Alkmaar 23G8A
38%
Salomon Kalou Ivory Coast Feyenoord Rotterdam 20G11A
34%
Luc Nilis Belgium PSV Eindhoven 19G11A
30%
Shota Arveladze Georgia AZ Alkmaar 22G8A
26%
No matching quizzes found
Score Distribution
Percent of People with Each Score
Percentile by Number Answered
Your Score History
You have not taken this quiz